Central Library and Information Centre
Sibsagar Girls' College, Sivasagar : Assam

NUTRITION SCIENCE (Record no. 15982)

MARC details
000 -LEADER
fixed length control field 00394cam a2200169ua 4500
008 - FIXED-LENGTH DATA ELEMENTS--GENERAL INFORMATION
fixed length control field 170220n2009 II |||gr||||Z||||||eng
040 ## - CATALOGING SOURCE
Original cataloging agency MAIN
041 ## - LANGUAGE CODE
-- English
082 ## - DEWEY DECIMAL CLASSIFICATION NUMBER
Classification number 641.1 SRI
100 ## - MAIN ENTRY--PERSONAL NAME
Personal name SRILASHMI , B.
245 ## - TITLE STATEMENT
Title NUTRITION SCIENCE
260 ## - PUBLICATION, DISTRIBUTION, ETC.
Place of publication, distribution, etc. NEW DELHI
Name of publisher, distributor, etc. NEW AGE INTERNATIONAL LTD.
Date of publication, distribution, etc. 2009
300 ## - PHYSICAL DESCRIPTION
Extent 412:
Dimensions 23CM.
942 ## - ADDED ENTRY ELEMENTS (KOHA)
Koha item type Books
653 ## - INDEX TERM--UNCONTROLLED
Uncontrolled term Nutrition
Holdings
Withdrawn status Lost status Damaged status Not for loan Collection code Home library Current library Shelving location Date acquired Total Checkouts Full call number Barcode Date last seen Date last checked out Copy number Price effective from Koha item type Public note
        TBHMSC Central Library and Information Centre Sibsagar Girls College Central Library and Information Centre Sibsagar Girls College HOMESCIENCE BOOK RACK 23.02.2010 2 641.1 SRI 24743 01.11.2023 17.10.2023 1 27.02.2020 Books V
        TBHMSC Central Library and Information Centre Sibsagar Girls College Central Library and Information Centre Sibsagar Girls College Home Science Rack 23.02.2010   641.1 SRI 24744 27.02.2020   2 27.02.2020 Books  


Sibsagar Girl's College © 2020. All rights reserved.
Powered by Koha.
Maintained by Abhijit Borpuzari.